1308 1330 1141 1088 1075 1428 1031 1338 1316 1415 1465 1197 1788 1918 1410 1766 1526 1751 1722 1105 1464 1671 1370 1631 1747 1873 1476 1313 1209 1232 1293 1338 1094 1486 1928 1614 1125 1888 1294 1180 1564 1252 1121 1304 1796 1951 1535 1907 1378 1446 1985 1698 1345 1604 1105 1680 1837 1710 1497 1290 1550 1380 1530 1714 1680 1214 1219 1774 1499 1204 1162 1274 1817 1958 1999 1606 1489 1634 1273 1928 1508 1618 1055 1292 1770 1159 1380 1931 1418 1511 1137 1966 1102 1646 1947 1329 1716 1181 1339 BCNSPRNW ULIB Ver.6.0+V

เปลี่ยนเป็นภาษาไทย

Change to English
 แสดงรายละเอียดบรรณานุกรม
  กลับหน้าหลัก

Brief Record : Get Marc (ISO 2709) : E-mail record : QR code < ปิดหน้าต่าง
LEADER : 00000nam 2200000uu 4500
001    13399127690
003     ULIB
008    210420s2563||||th 000 0 tha d
020    ^a9786169354802
060 04 ^aWC515^bส869Q
100 0  ^aสุวพร อนุกูลเรืองกิตติ์
245 00 ^aQ&A ไขปัญหา "ไข้หวัดใหญ่"/^cสุวพร อนุกูลเรืองกิตติ์
250    ^aพิมพ์ครั้งที่ 1
260    ^aกรุงเทพฯ : ^bมูลนิธิส่งเสริมการศึกษา ไข้หวัดใหญ่,^c2563.
300    ^a71 หน้า :^bภาพประกอบ; ^c16 ซม.
650  7 ^aไข้หวัดใหญ่^xการป้องกันและควบคุม^xไขปัญหา
650  7 ^aวัคซีนไข้หวัดใหญ่
945    ^p90^l0^i008010
945    ^p90^l0^i008011
945    ^p90^l0^i008012
945    ^p90^l0^i008013
945    ^p90^l0^i008014
999    ^aประนอม เกษจรัล
รายการนี้ยังไม่มีแท็ก
คุณยังไม่ได้ล็อกอิน คุณสามารถมีกิจกรรมร่วมกับเว็บไซต์ได้ แต่ต้องล็อกอินก่อน ::
  ล็อกอิน

รายการสื่อสารสนเทศ

ลำดับที่ ประเภท เลขเรียก/บาร์โค้ด สถานที่ สถานะ
1. วิทยาศาสตร์การแพทย์ และสุขภาพ
หนังสือสำรอง
สถานะ=หนังสือสำรอง
WC515 ส869Q ฉ.1 
  Barcode: 008010
ห้องสมุดวิทยาเขตสวรรค์ประชารักษ์
►หนังสือทั่วไป
บนชั้น
2. วิทยาศาสตร์การแพทย์ และสุขภาพ
วิทยาศาสตร์การแพทย์ และสุขภาพ
WC515 ส869Q ฉ.2 
  Barcode: 008011
ห้องสมุดวิทยาเขตสวรรค์ประชารักษ์
►หนังสือทั่วไป
บนชั้น
3. วิทยาศาสตร์การแพทย์ และสุขภาพ
วิทยาศาสตร์การแพทย์ และสุขภาพ
WC515 ส869Q ฉ.3 
  Barcode: 008012
ห้องสมุดวิทยาเขตสวรรค์ประชารักษ์
►หนังสือทั่วไป
บนชั้น
4. วิทยาศาสตร์การแพทย์ และสุขภาพ
วิทยาศาสตร์การแพทย์ และสุขภาพ
WC515 ส869Q ฉ.4 
  Barcode: 008013
ห้องสมุดวิทยาเขตสวรรค์ประชารักษ์
►หนังสือทั่วไป
บนชั้น
5. วิทยาศาสตร์การแพทย์ และสุขภาพ
วิทยาศาสตร์การแพทย์ และสุขภาพ
WC515 ส869Q ฉ.5 
  Barcode: 008014
ห้องสมุดวิทยาเขตสวรรค์ประชารักษ์
►หนังสือทั่วไป
บนชั้น

รายการใกล้เคียง
    ผู้แต่ง [สุวพร อนุกูลเรืองกิตติ์]

    หัวเรื่อง [วัคซีนไข้หวัดใหญ่]

BibComment


ยังไม่เคยถูกคอมเมนท์

คอมเมนท์ทรัพยากรรายการนี้
  คอมเมนท์: QA ไขปัญหา ไข้หว..


 Copyright 2026. Bcnsprnw @Library